Reka bentuk tinjauan soal selidik pendidikan

Bibliographic Details
Main Author: Mohd. Najib Abdul Ghafar
Format: Book
Published: Johor : UTM , 2003
Subjects:

MARC

LEADER 00000cam a2200000 7i4500
001 0000035116
005 20130121.0
008 130121
020 |a 9836203105 
090 0 0 |a 370.72   |b MOH 
100 0 |a Mohd. Najib Abdul Ghafar 
245 1 0 |a Reka bentuk tinjauan soal selidik pendidikan   |c Mohd. Najib Abdul Ghafar 
260 |a Johor :   |b UTM ,   |c 2003 
650 0 |a Education   |x Research   |x Methodology 
650 0 |a Social sciences   |x Research   |x Methodology 
999 |a 0001206893   |b Book   |c Adult Collection   |e Perbadanan Perpustakaan Awam Johor